000 00411nam a2200145Ia 4500
008 151021s9999 xx 000 0 und d
050 _aG1366 .S1M6 1958
245 _a_World geography.-3rd ed. John W.Morris
260 _aNew York McGraw-Hill 1958
300 _a655p.;ill
500 _aIncludes index.
500 _aIncludes index.
650 _a_World Geography
980 _a^d20130604 04:57:51^oanne
999 _c14036
_d14036